|
|
|
|
| LEADER |
01189cam a2200277 i 4500 |
| 001 |
3195308 |
| 003 |
GR-PaULI |
| 005 |
20231005120745.0 |
| 008 |
770725r19851978enk b 001 0 eng |
| 952 |
|
|
|0 0
|1 0
|2 ddc
|4 0
|6 301_000000000000000_WEB
|7 0
|9 239363
|a LISP
|b LISP
|c BSC
|d 2020-02-17
|e ΜΙΧ
|i 142485
|l 0
|o 301 WEB
|p 025000268829
|r 2020-02-17 00:00:00
|t 1
|v 2020.00
|w 2020-02-17
|y BK15
|
| 999 |
|
|
|c 144504
|d 144504
|
| 010 |
|
|
|a 77080846
|
| 020 |
|
|
|a 0521217571
|c
|a 0521292689
|c
|
| 040 |
|
|
|a DLC
|c GR-PaULI
|d
|b gre
|e AACR2
|
| 041 |
1 |
|
|a eng
|h ger
|
| 082 |
0 |
4 |
|a 301
|2 23
|
| 100 |
1 |
|
|a Weber, Max,
|d 1864-1920
|e συγγραφέας.
|9 11214
|
| 245 |
1 |
0 |
|a Max Weber :
|b selections in translation /
|c edited by W. G. Runciman ; translated by E. Matthews.
|
| 260 |
|
|
|a Cambridge ;
|a New York :
|b Cambridge University Press,
|c 1978 [reprint 1985].
|
| 300 |
|
|
|a xii, 398 σ. ;
|c 24 εκ.
|
| 500 |
|
|
|a
|
| 504 |
|
|
|a Περιλαμβάνει βιβλιογραφικές παραπομπές και ευρετήριο.
|
| 650 |
|
4 |
|a Κοινωνιολογία
|9 76
|
| 700 |
1 |
|
|a Runciman, W. G.
|q (Walter Garrison),
|d 1934-
|9 180130
|e επιμελητής.
|
| 942 |
|
|
|2 ddc
|c BK15
|
| 998 |
|
|
|c ΜΠΟΥΡΑΣ
|d 2020-02
|